Business Performance and Balanced Scorecard

Multikriteriálne hodnotenie výkonnosti podniku na základe vybraných metód s využitím metódy Balanced Scorecard.

Na minha lista:
Detalhes bibliográficos
Autor principal: Sabolová, Martina
Outros Autores: Štofová, Lenka, 1989-
Formato: Capítulo de Livro
Idioma:inglês
Assuntos:
Tags: Adicionar Tag
Sem tags, seja o primeiro a adicionar uma tag!

MARC

LEADER 00000naa a2200000 4500
001 0184051
005 20240502073144.8
041 0 |a eng 
044 |a SK 
245 1 0 |a Business Performance and Balanced Scorecard  |c Martina Sabolová, Lenka Štofová 
520 |a Multikriteriálne hodnotenie výkonnosti podniku na základe vybraných metód s využitím metódy Balanced Scorecard. 
610 2 0 |a výkonnosť podniku 
610 2 0 |a rozhodovanie viackriteriálne 
610 2 0 |a výkony podnikové 
610 2 0 |a metóda BSC 
100 1 |a Sabolová, Martina 
700 1 |a Štofová, Lenka, 1989-